[Event "Mittelfranken-chTB2b 1213"]
[Site "Germany"]
[Date "2013.04.21"]
[Round "8.3"]
[White "Traut, Gerhard"]
[Black "Jaeger, Peter"]
[Result "1-0"]
[WhiteElo "1786"]
[BlackElo "1702"]
[PlyCount "75"]
[EventDate "2012.10.07"]
[EventType "team-tourn"]
[EventRounds "9"]
[EventCountry "GER"]
[SourceTitle "EXT 2019"]
[Source "ChessBase"]
[SourceDate "2018.10.10"]
[SourceVersion "1"]
[SourceVersionDate "2018.10.10"]
[SourceQuality "1"]
[WhiteTeam "Uttenreuth"]
[BlackTeam "Gunzenhausen/Weissenburg II"]
[WhiteTeamCountry "GER"]
[BlackTeamCountry "GER"]

1. e4 e5 2. Nf3 d6 3. c3 Nf6 4. Qc2 Be7 5. d4 Nbd7 6. Bc4 h6 7. 0-0 0-0 8. h3 a5 9. Rd1 Qe8 10. Be3 Nb6 11. Bd3 Nbd7 12. Nbd2 Nh5 13. Nf1 Kh8 14. Qd2 Kh7 15. g4 Nhf6 16. Ng3 Ng8 17. Nf5 Bd8 18. h4 Qe6 19. g5 c6 20. Qe2 Qg6 21. Kg2 Qe6 22. d5 Qg6 23. h5 Qxh5 24. Rh1 Qg4+ 25. Ng3 Nb6 26. Rh4 Qd7 27. Nf5 g6 28. Nxh6 Kg7 29. Rah1 cxd5 30. Ng4 Re8 31. Bb5 Qe7 32. Bxe8 Qxe8 33. Bxb6 Bxb6 34. Rh7+ Kf8 35. Nf6 Qe6 36. Nxg8 Qg4+ 37. Kf1 dxe4 38. Nf6 1-0

[Event "Mittelfranken-chTB1 1011"]
[Site "Germany"]
[Date "2011.03.13"]
[Round "7.6"]
[White "Jaeger, Peter"]
[Black "Werner, Thomas1111"]
[Result "0-1"]
[WhiteElo "1781"]
[BlackElo "1943"]
[PlyCount "34"]
[EventDate "2010.09.26"]
[EventType "team-tourn"]
[EventRounds "9"]
[EventCountry "GER"]
[SourceTitle "EXT 2012"]
[Source "ChessBase"]
[SourceDate "2011.11.24"]
[SourceVersion "1"]
[SourceVersionDate "2011.11.24"]
[SourceQuality "1"]
[WhiteTeam "Gunzenhausen"]
[BlackTeam "Nuernberg Sued SW II"]
[WhiteTeamCountry "GER"]
[BlackTeamCountry "GER"]

1. d4 d5 2. Bg5 Nf6 3. f3 Bf5 4. Nd2 Nbd7 5. e3 h6 6. Bh4 e5 7. Bb5 c6 8. Ba4 exd4 9. exd4 Bd6 10. Ne2 Qc7 11. h3 g5 12. Bf2 0-0-0 13. c3 Rde8 14. 0-0 h5 15. Bc2 Bxc2 16. Qxc2 Bh2+ 17. Kh1 Rxe2 0-1

[Event "Mittelfranken-chTB1 1011"]
[Site "Germany"]
[Date "2011.02.13"]
[Round "6.8"]
[White "Fabi, Peter"]
[Black "Jaeger, Peter"]
[Result "0-1"]
[WhiteElo "1824"]
[BlackElo "1781"]
[PlyCount "96"]
[EventDate "2010.09.26"]
[EventType "team-tourn"]
[EventRounds "9"]
[EventCountry "GER"]
[SourceTitle "EXT 2012"]
[Source "ChessBase"]
[SourceDate "2011.11.24"]
[SourceVersion "1"]
[SourceVersionDate "2011.11.24"]
[SourceQuality "1"]
[WhiteTeam "Fuerth"]
[BlackTeam "Gunzenhausen"]
[WhiteTeamCountry "GER"]
[BlackTeamCountry "GER"]

1. e4 e5 2. Nf3 Nc6 3. Bc4 Nf6 4. d4 Bd6 5. dxe5 Bxe5 6. Bd5 Qe7 7. 0-0 0-0 8. Re1 d6 9. Bxc6 bxc6 10. Nxe5 Qxe5 11. f4 Qc5+ 12. Be3 Qb4 13. Bd4 Bg4 14. Qd2 Qxd2 15. Nxd2 Ne8 16. Re3 Bd7 17. Rae1 g6 18. b4 Ng7 19. c4 a5 20. bxa5 Rxa5 21. a3 Ne6 22. Bc3 Rxa3 23. f5 Nc5 24. e5 Bxf5 25. Bb4 Rxe3 26. Rxe3 Nb7 27. exd6 cxd6 28. Re7 Rb8 29. Bc3 Be6 30. Bf6 Na5 31. Rc7 Nxc4 32. Ne4 Rc8 33. Ra7 h6 34. Be7 d5 35. Nc5 Bf5 36. Bf6 Nd6 37. Nb3 Ne4 38. Nd4 Nxf6 39. Ra6 Bd7 40. Nf3 Re8 41. Nd4 Rc8 42. Nf3 Kg7 43. Ne5 Be8 44. Nd3 c5 45. Ne5 c4 46. Rd6 c3 47. Nd3 Rb8 48. Kf1 Rb1+ 0-1

[Event "Mittelfranken-chTB1 1011"]
[Site "Germany"]
[Date "2010.11.21"]
[Round "3.8"]
[White "Ammon, Tobias"]
[Black "Jaeger, Peter"]
[Result "1-0"]
[WhiteElo "1977"]
[BlackElo "1781"]
[PlyCount "62"]
[EventDate "2010.09.26"]
[EventType "team-tourn"]
[EventRounds "9"]
[EventCountry "GER"]
[SourceTitle "EXT 2012"]
[Source "ChessBase"]
[SourceDate "2011.11.24"]
[SourceVersion "1"]
[SourceVersionDate "2011.11.24"]
[SourceQuality "1"]
[WhiteTeam "Altensittenbach"]
[BlackTeam "Gunzenhausen"]
[WhiteTeamCountry "GER"]
[BlackTeamCountry "GER"]

1. e4 e5 2. Nc3 Nf6 3. f4 d6 4. Nf3 exf4 5. d4 Bg4 6. Bxf4 Be7 7. Qd3 Qc8 8. Be2 h6 9. 0-0-0 Nc6 10. d5 Nh5 11. g3 Nb8 12. e5 0-0 13. h3 Nxf4 14. gxf4 Bxf3 15. Qxf3 Nd7 16. Qg3 Qe8 17. Rhg1 g6 18. e6 Nf6 19. Bd3 Nh5 20. Qg4 Ng7 21. Rde1 f5 22. Qxg6 Qxg6 23. Rxg6 Kh7 24. Reg1 Bf6 25. Nb5 Ne8 26. Bxf5 Bxb2+ 27. Kxb2 Rxf5 28. Nxc7 Nxc7 29. Rg7+ Kh8 30. Rxc7 Rxd5 31. Rgg7 Re8 1-0

[Event "Mittelfranken-chTB1 1011"]
[Site "Germany"]
[Date "2010.09.26"]
[Round "1.8"]
[White "Heinz, Manfred"]
[Black "Jaeger, Peter"]
[Result "1-0"]
[WhiteElo "1806"]
[BlackElo "1781"]
[PlyCount "55"]
[EventDate "2010.09.26"]
[EventType "team-tourn"]
[EventRounds "9"]
[EventCountry "GER"]
[SourceTitle "EXT 2012"]
[Source "ChessBase"]
[SourceDate "2011.11.24"]
[SourceVersion "1"]
[SourceVersionDate "2011.11.24"]
[SourceQuality "1"]
[WhiteTeam "Heilsbronn"]
[BlackTeam "Gunzenhausen"]
[WhiteTeamCountry "GER"]
[BlackTeamCountry "GER"]

1. Nf3 d5 2. d4 g6 3. Bf4 Bg7 4. e3 Nf6 5. Nbd2 0-0 6. Bd3 c5 7. c3 c4 8. Bc2 Qa5 9. e4 e6 10. e5 Ne8 11. h4 f6 12. h5 f5 13. hxg6 hxg6 14. Ng5 Nc6 15. Qf3 Rf7 16. Qh3 Kf8 17. Nxf7 Kxf7 18. Bh6 Bd7 19. g4 Qd8 20. 0-0-0 Bxh6 21. Qxh6 Ng7 22. gxf5 exf5 23. Nf3 Qg8 24. Rdg1 Ne7 25. Nh4 Ne6 26. Nxf5 Nxf5 27. Bxf5 Nf8 28. Bxd7 1-0

[Event "Mittelfranken-chTB1 0809"]
[Site "Mittelfranken"]
[Date "2009.03.08"]
[Round "7.8"]
[White "Jaeger, Peter"]
[Black "Ludwig, Michael"]
[Result "1/2-1/2"]
[WhiteElo "1770"]
[BlackElo "1810"]
[PlyCount "87"]
[EventDate "2008.10.12"]
[EventType "team"]
[EventRounds "9"]
[EventCountry "GER"]
[SourceTitle "EXT 2011"]
[Source "ChessBase"]
[SourceDate "2010.11.26"]
[SourceVersion "1"]
[SourceVersionDate "2010.11.26"]
[SourceQuality "1"]
[WhiteTeam "Gunzenhausen/Weissenburg"]
[BlackTeam "Buechenbach/Roth"]
[WhiteTeamCountry "GER"]
[BlackTeamCountry "GER"]

1. d4 Nf6 2. f3 e6 3. Bg5 Be7 4. e4 0-0 5. Bd3 b6 6. c3 Bb7 7. Ne2 d6 8. 0-0 Nbd7 9. Nd2 c5 10. Rc1 h6 11. Be3 Rc8 12. Re1 Ne8 13. Nf1 Bh4 14. Nfg3 Nef6 15. Qd2 Nh7 16. Rf1 Bxg3 17. Nxg3 Re8 18. Rf2 f6 19. Rd1 c4 20. Bb1 d5 21. Re2 Ndf8 22. Rde1 Ng5 23. Bf4 Qd7 24. e5 fxe5 25. Bxg5 hxg5 26. Rxe5 Rc7 27. Qxg5 Qe7 28. Qh5 Qf7 29. Qg4 Rb8 30. Rh5 Bc8 31. Ree5 b5 32. Qh4 Qf6 33. Rh8+ Kf7 34. Qh5+ Ke7 35. Nf5+ Kd7 36. Nh4 Qf4 37. Kf2 b4 38. Ng6 Nxg6 39. Qxg6 Kc6 40. Qe8+ Kd6 41. Qd8+ Kc6 42. Bg6 bxc3 43. Be8+ Kb7 44. bxc3 1/2-1/2

[Event "Regionalliga NO 0304"]
[Site "Bayern"]
[Date "2003.12.14"]
[Round "4.8"]
[White "Laurent, Rudolf"]
[Black "Jaeger, Peter"]
[Result "1/2-1/2"]
[WhiteElo "1736"]
[BlackElo "1831"]
[PlyCount "64"]
[EventDate "2003.10.??"]
[EventType "team-tourn"]
[EventRounds "9"]
[EventCountry "GER"]
[SourceTitle "EXT 2006"]
[Source "ChessBase"]
[SourceDate "2005.11.24"]
[SourceVersion "1"]
[SourceVersionDate "2005.11.24"]
[SourceQuality "1"]
[WhiteTeam "Regensburg Bavaria"]
[BlackTeam "Gunzenhausen"]
[WhiteTeamCountry "GER"]
[BlackTeamCountry "GER"]

1. d4 d5 2. g3 Nf6 3. Nf3 Bf5 4. Bg2 h6 5. Nbd2 e6 6. c4 dxc4 7. Nxc4 Nbd7 8. 0-0 c6 9. Qb3 Nb6 10. Bd2 Nxc4 11. Qxc4 Be7 12. Ne5 0-0 13. Rfe1 Ne4 14. Rad1 Re8 15. Bb4 Nd6 16. Qc1 Ne4 17. Bxe7 Qxe7 18. Qe3 Nf6 19. Qb3 a5 20. e4 Bh7 21. a3 Red8 22. Nc4 Qc7 23. e5 Ne8 24. Qc3 Rd7 25. Rd2 b5 26. Ne3 Rc8 27. b4 axb4 28. axb4 Qb6 29. Ra1 Ra7 30. Rda2 Rxa2 31. Rxa2 g5 32. Qa1 Nc7 1/2-1/2

[Event "Regionalliga NO 0203"]
[Site "Bayern"]
[Date "2003.03.09"]
[Round "8.8"]
[White "Jaeger, Peter"]
[Black "Schmidt, Johann1111"]
[Result "1/2-1/2"]
[WhiteElo "1807"]
[BlackElo "1936"]
[PlyCount "52"]
[EventDate "2002.10.20"]
[EventType "team-tourn"]
[EventRounds "9"]
[EventCountry "GER"]
[SourceTitle "EXT 2004"]
[Source "ChessBase"]
[SourceDate "2003.11.25"]
[SourceVersion "1"]
[SourceVersionDate "2003.11.25"]
[SourceQuality "1"]
[WhiteTeam "Gunzenhausen"]
[BlackTeam "Weiden"]
[WhiteTeamCountry "GER"]
[BlackTeamCountry "GER"]

1. d4 Nf6 2. f3 d5 3. Bg5 Bf5 4. e3 e6 5. Bd3 Bxd3 6. Qxd3 c6 7. Ne2 Nbd7 8. 0-0 Be7 9. e4 0-0 10. h3 c5 11. e5 c4 12. Qd1 Ne8 13. Bxe7 Qxe7 14. Qd2 Nc7 15. a3 f6 16. exf6 gxf6 17. Nbc3 Rf7 18. Rae1 Qd6 19. Qf4 e5 20. Qh4 Ne6 21. Rd1 Nb6 22. dxe5 fxe5 23. Ne4 Qc6 24. Nf6+ Kh8 25. Ng4 Qc7 26. Qh5 Nf4 1/2-1/2